| 000 | 00743cam a22002411 4500 | ||
|---|---|---|---|
| 001 | sa 68017155 | ||
| 003 | DLC | ||
| 005 | 20260227112700.0 | ||
| 008 | 720619s1966 xx 000 0 ind | ||
| 010 | _asa 68017155 | ||
| 035 | _a(OCoLC)336000 | ||
| 040 |
_aDLC _cOAU _dDLC |
||
| 042 | _apremarc | ||
| 050 | 0 | 0 |
_aBP165 _b.A83 1966 |
| 100 | 2 |
_aAsh Shiddieqy, M. Hasbi, _cT., _d1906- |
|
| 245 | 1 | 0 |
_aSjari'at Islam mendjawab tantangan zaman _c[oleh] T. M. Hasbi Ash-Shiddieqy. |
| 250 | _aTjet. 2. | ||
| 260 |
_aDjakarta, _b"Bulan Bintang," _c1966. |
||
| 300 |
_a48 p. _c21 cm. |
||
| 500 | _a"Pidato diutjapkan pada upatjara peringatan dies natalis I Insitut Agama Islam Negeri." | ||
| 504 | _aIncludes bibliographies. | ||
| 650 | 0 | _aIslam. | |
| 999 |
_c87547 _d87547 |
||